<?xml version="1.0" encoding="UTF-8"?>
<marc:record xmlns:marc="http://www.loc.gov/MARC21/slim">
   <marc:leader>00000nam a2200000 a 4500</marc:leader>
   <marc:datafield ind1=" " ind2=" " tag="653">
      <marc:subfield code="a">Entwicklungspsychologie</marc:subfield>
   </marc:datafield>
   <marc:datafield ind1=" " ind2=" " tag="653">
      <marc:subfield code="a">Schulpraxis</marc:subfield>
   </marc:datafield>
   <marc:datafield ind1="0" ind2="0" tag="245">
      <marc:subfield code="a">Lernende Schule 2025 / 04, 28. Jg.</marc:subfield>
   </marc:datafield>
   <marc:datafield ind1="0" ind2="0" tag="245">
      <marc:subfield code="b">Spielen</marc:subfield>
   </marc:datafield>
   <marc:datafield ind1="0" ind2="0" tag="245">
      <marc:subfield code="c">. </marc:subfield>
   </marc:datafield>
   <marc:datafield ind1=" " ind2="1" tag="264">
      <marc:subfield code="a">Seelze</marc:subfield>
      <marc:subfield code="b">Friedrich Verlag GmbH</marc:subfield>
      <marc:subfield code="c">2025</marc:subfield>
   </marc:datafield>
   <marc:datafield ind1=" " ind2=" " tag="250">
      <marc:subfield code="a">2025 / 04, 28. Jg.</marc:subfield>
   </marc:datafield>
   <marc:datafield ind1="1" ind2=" " tag="520">
      <marc:subfield code="a">&lt;br/&gt;&lt;br/&gt;Spielen – jeder kennt es, viele tun es, doch kaum jemand kann es auf Anhieb definieren. Gerade im schulischen Kontext begegnen uns Begriffe wie Gamification und Game-Based Learning immer häufiger. Was ist zu beachten, damit Spielen und Lernen in der Schulpraxis gut zusammenpassen?&lt;br/&gt;&lt;br/&gt;Was bedeutet es, Spielen und Lernen ernst zu nehmen? Wo beginnt das Spiel, wo endet es? Und ist es Methode, Medium oder gar beides? Wir laden Sie ein auf eine Spurensuche: Die Grundlagenartikel eröffnen Perspektiven aus Bildungsgeschichte, Schulentwicklung und Entwicklungspsychologie. Im Praxisteil finden sich analoge und digitale Impulse für Unterricht und Schulhof. Hieraus eröffnen sich spannende Fragen: Wie lässt sich Spielkultur in der Schule verankern? Wie gelingt es, das Spielen als festen Bestandteil von Unterrichts- und Schulentwicklung zu etablieren? Ein spielerisches Ausprobieren für die Schulentwicklung eröffnet das Spielschulespiel. Lassen Sie sich inspirieren und entdecken Sie, wie das Spielen die Schule lebendiger machen kann.</marc:subfield>
   </marc:datafield>
   <marc:datafield ind1=" " ind2=" " tag="022">
      <marc:subfield code="a">14351692</marc:subfield>
   </marc:datafield>
   <marc:datafield ind1=" " ind2=" " tag="041">
      <marc:subfield code="a">ger</marc:subfield>
   </marc:datafield>
   <marc:datafield ind1="0" ind2=" " tag="490">
      <marc:subfield code="v">28</marc:subfield>
   </marc:datafield>
   <marc:datafield ind1="1" ind2=" " tag="521">
      <marc:subfield code="a">0</marc:subfield>
   </marc:datafield>
</marc:record>
